Tous les adversaires du XV de France de rugby. - Statistiques

Statistiques générales
  • Ce quiz a été pris 2 064 fois
    1 566 depuis la dernière actualisation
  • Le résultat moyen est 19 sur 24
Statistiques - réponses
Équipes Matches Victoires Nuls Défaites Différence % Correct
Nouvelle-Zélande 67 15 1 51 -805
99%
Irlande 106 62 7 37 393
99%
Angleterre 113 45 7 61 -343
99%
Italie 51 47 1 3 1032
98%
Écosse 106 61 4 41 256
98%
Australie 53 22 2 29 -154
97%
Afrique du Sud 47 12 6 29 -289
96%
Pays de Galles 106 52 3 51 86
96%
Argentine 56 40 1 15 478
94%
Fidji 12 11 0 1 271
91%
Japon 8 7 1 0 142
89%
États-Unis 9 7 0 2 104
86%
Espagne 1 1 0 0 28
85%
Samoa 4 4 0 0 105
84%
Tonga 6 4 0 2 78
84%
Namibie 6 6 0 0 240
83%
Canada 9 8 0 1 196
81%
Géorgie 2 2 0 0 83
76%
Uruguay 1 1 0 0 15
76%
Roumanie 50 41 2 8 869
69%
Allemagne 42 39 1 2 853
58%
Zimbabwe 4 3 1 0 100
32%
Côte d'Ivoire 1 1 0 0 36
28%
Tchécoslovaquie 2 2 0 0 38
10%
Aucun quiz correspondant
Distribution des résultats
% des personnes avec chaque résultat
Percentile par nombre de réponses
Votre historique - résultats
Vous n’avez pas pris ce quiz depuis la dernière actualisation